| 000 | 00352nam a22001217a 4500 | ||
|---|---|---|---|
| 082 |
_a628.1 _bPRO |
||
| 100 |
_aPakistan Engineering Congress _951471 |
||
| 245 | _a73rd Annual session Proceeding 2014-2015 | ||
| 260 |
_aLahore, _bPakistan Engineering Congress, _c2015. |
||
| 300 | _a483p. | ||
| 526 |
_a0 _b0 _c0 _d628_100000000000000_PRO |
||
| 942 |
_2ddc _cBK |
||
| 999 |
_c554149 _d554149 |
||